| 000 -CABECERA |
| campo de control de longitud fija |
00988nam a22002297a 4500 |
| 003 - IDENTIFICADOR DEL NÚMERO DE CONTROL |
| campo de control |
OSt |
| 005 - FECHA Y HORA DE LA ÚLTIMA TRANSACCIÓN |
| campo de control |
20250509121353.0 |
| 008 - DATOS DE LONGITUD FIJA--INFORMACIÓN GENERAL |
| campo de control de longitud fija |
250509s1990 us ao fr|||| 00| 0 eng d |
| 020 ## - NÚMERO INTERNACIONAL ESTÁNDAR DEL LIBRO |
| Número Internacional Estándar del Libro |
0931146143 |
| 040 ## - FUENTE DE LA CATALOGACIÓN |
| Centro catalogador/agencia de origen |
CENDOC CAAAP |
| Lengua de catalogación |
spa |
| Centro/agencia transcriptor |
CAAAP |
| 041 ## - CÓDIGO DE LENGUA |
| Código de lengua del texto/banda sonora o título independiente |
eng |
| 050 ## - SIGNATURA TOPOGRÁFICA DE LA BIBLIOTECA DEL CONGRESO |
| Número de clasificación |
RS 180 |
| Número de documento/Ítem |
S38 |
| 100 1# - ENTRADA PRINCIPAL--NOMBRE DE PERSONA |
| 9 (RLIN) |
5469 |
| Nombre de persona |
Schultes, Richard |
| 245 30 - MENCIÓN DE TÍTULO |
| Título |
The Healing Forest : |
| Resto del título |
Medicinal and Toxic Plants of the Northwest Amazonia / |
| Mención de responsabilidad, etc. |
Richard Evans Schultes y Robert Francis Raffauf |
| 250 #0 - MENCIÓN DE EDICIÓN |
| Mención de edición |
1ra. edición |
| 260 #1 - PUBLICACIÓN, DISTRIBUCIÓN, ETC. |
| Lugar de publicación, distribución, etc. |
Oregon, Estados Unidos : |
| Nombre del editor, distribuidor, etc. |
Dioscorides Press, |
| Fecha de publicación, distribución, etc. |
1990 |
| 300 ## - DESCRIPCIÓN FÍSICA |
| Extensión |
484 páginas : |
| Otras características físicas |
ilustración, fotografías, |
| Dimensiones |
27 cm |
| 520 ## - SUMARIO, ETC. |
| Sumario, etc. |
Estudio exhaustivo sobre las plantas medicinales y tóxicas utilizadas por las comunidades indígenas de la Amazonía noroccidental, documentando sus usos etnobotánicos, propiedades farmacológicas y aplicaciones tradicionales. |
| 650 10 - PUNTO DE ACCESO ADICIONAL DE MATERIA--TÉRMINO DE MATERIA |
| 9 (RLIN) |
378 |
| Término de materia o nombre geográfico como elemento de entrada |
Plantas medicinales |
| Subdivisión general |
Etnobotánica |
| Subdivisión geográfica |
Amazonía |
| 700 1# - PUNTO DE ACCESO ADICIONAL--NOMBRE DE PERSONA |
| 9 (RLIN) |
5470 |
| Nombre de persona |
Raffauf, Robert |
| 942 ## - ELEMENTOS DE PUNTO DE ACCESO ADICIONAL (KOHA) |
| Fuente del sistema de clasificación o colocación |
|
| Tipo de ítem Koha |
Libros |